Sociological theory for digital society (Record no. 4730)

MARC details
000 -CABECERA
campo de control de longitud fija 02900cam a2200313 i 4500
001 - NÚMERO DE CONTROL
campo de control 12151263
005 - FECHA Y HORA DE LA ÚLTIMA TRANSACCIÓN
campo de control 20251010094155.0
008 - DATOS DE LONGITUD FIJA--INFORMACIÓN GENERAL
campo de control de longitud fija 210209t20212021enk b 001 0 eng
010 ## - NÚMERO DE CONTROL DE LA BIBLIOTECA DEL CONGRESO
Número de control de LC 2021005391
020 ## - NÚMERO INTERNACIONAL ESTÁNDAR DEL LIBRO
Número Internacional Estándar del Libro 9781509542963
Información calificativa hardback
035 ## - NÚMERO DE CONTROL DEL SISTEMA
Número de control de sistema (OCoLC)on1237252663
035 ## - NÚMERO DE CONTROL DEL SISTEMA
Número de control de sistema (CaBVaU)12151263
040 ## - FUENTE DE LA CATALOGACIÓN
Centro catalogador/agencia de origen DLC
Lengua de catalogación eng
Centro/agencia transcriptor DLC
Normas de descripción rda
Centro/agencia modificador OCLCO
-- OCLCF
-- BDX
-- UKMGB
-- YDX
-- UtOrBLW
041 ## - CÓDIGO DE LENGUA
Código de lengua del texto/banda sonora o título independiente eng
042 ## - CÓDIGO DE AUTENTICACIÓN
Código de autenticación pcc
050 00 - SIGNATURA TOPOGRÁFICA DE LA BIBLIOTECA DEL CONGRESO
Número de clasificación HM585
Número de documento/Ítem .S3776 2021
100 ## - ENTRADA PRINCIPAL--NOMBRE DE PERSONA
Nombre de persona Schwarz, Ori,
Fechas asociadas al nombre 1979-
Término indicativo de función/relación author.
245 10 - MENCIÓN DE TÍTULO
Título Sociological theory for digital society
Resto del título : the codes that bind us together
Mención de responsabilidad, etc. / Ori Schwarz.
264 #1 - PRODUCCIÓN, PUBLICACIÓN, DISTRIBUCIÓN, FABRICACIÓN Y COPYRIGHT
Producción, publicación, distribución, fabricación y copyright Cambridge, UK ;
-- Medford, MA :
Nombre del de productor, editor, distribuidor, fabricante Polity Press,
Fecha de producción, publicación, distribución, fabricación o copyright 2021.
300 ## - DESCRIPCIÓN FÍSICA
Extensión 222 pages ;
Dimensiones 23 cm
504 ## - NOTA DE BIBLIOGRAFÍA, ETC.
Nota de bibliografía, etc. Includes bibliographical references and index.
505 0# - NOTA DE CONTENIDO CON FORMATO
Nota de contenido con formato Introduction: old disciplines, new times, revised theories —<br/>When interactions become objects — rethinking symbolic interactionism in the post-situational order —<br/>When networks materialize — rethinking social ontology beyond the individual and the collective —<br/>When social capital can be invested — rethinking social capital —<br/>When power is exercised through algorithms — rethinking power under generative rulers —<br/>When labour is everywhere — rethinking work in the era of workless labour —<br/>Conclusion: sociological theory for the future.
520 ## - SUMARIO, ETC.
Sumario, etc. The digital revolution has not only transformed multiple aspects of social life – it also shakes sociological theory, transforming the most basic assumptions that have underlain it. In this timely book, Ori Schwarz explores the main challenges digitalization poses to different strands of sociological theory and offers paths to adapt them to new social realities.What would symbolic interactionism look like in a world where interaction no longer takes place within bounded situations and is constantly documented as durable digital objects? How should we understand new digitally mediated forms of human association that bind our actions and lives together but have little in common with old-time 'collectives'; and why are they not simply ‘social networks’? How does social capital transform when it is materialized in a digital form, and how does it remould power structures? What happens to our conceptualization of power when faced with the emergence of new forms of algorithmic power? And what happens when labour departs from work? By posing and answering such fascinating questions, and offering critical tools for both students and scholars of social theory and digital society to engage with them, this thought-provoking book draws the outline of future sociological theory for our digital society.
Fuente proveedora Provided by publisher.
650 #0 - PUNTO DE ACCESO ADICIONAL DE MATERIA--TÉRMINO DE MATERIA
Término de materia o nombre geográfico como elemento de entrada Sociology
9 (RLIN) 12016
650 #0 - PUNTO DE ACCESO ADICIONAL DE MATERIA--TÉRMINO DE MATERIA
Término de materia o nombre geográfico como elemento de entrada Information society
9 (RLIN) 3595
650 #0 - PUNTO DE ACCESO ADICIONAL DE MATERIA--TÉRMINO DE MATERIA
Término de materia o nombre geográfico como elemento de entrada Online social networks
9 (RLIN) 7708
650 #0 - PUNTO DE ACCESO ADICIONAL DE MATERIA--TÉRMINO DE MATERIA
Término de materia o nombre geográfico como elemento de entrada Information technology
Subdivisión general Social aspects
9 (RLIN) 7710
942 ## - ELEMENTOS DE ENTRADA AGREGADA (KOHA)
Fuente del sistema de clasificación o colocación Clasificación de Library of Congress
Holdings
Estado de retiro Estado de pérdida Fuente del sistema de clasificación o colocación Estado dañado No para préstamo Biblioteca de origen Biblioteca actual Fecha de adquisición Total de préstamos Signatura topográfica completa Código de barras Fecha visto por última vez Número de copia Precio válido a partir de Tipo de ítem Koha
    Clasificación de Library of Congress     TBS Barcelona TBS Barcelona 13/06/2025   HM585 SCH B05826 13/06/2025 1 13/06/2025 Book

Powered by Koha